000 00435nam a22001817a 4500
999 _c11501
_d11501
003 OSt
008 220901b ||||| |||| 00| 0 eng d
020 _a9788177394634
082 _a658.15 GOF
100 _aGOEL, D.K.
245 _aFinancial Management
260 _aSirmour
_bAvichal Publishing Company
_c2022
300 _aMisc.
650 _aCommerce
700 _aGOEL, Rajesh
700 _aGOEL, Shelly
942 _2ddc
_cBK
_02